Представление документа в формате RUSMARC

ПолеНазваниеЗначение
  Тип записи a
  Библиографический уровень m
001 Контрольный номер RU/IS/BASE/570197783
005 Дата корректировки 20201206205117.8
010 Индекс ISBN __
a ISBN 978-5-4444-5669-9 (в пер.)
d Цена 284-29
100 Данные общей обработки __
a Данные общей обработки 19180125d2017||||||| 0rusy0189 ca
101 Язык документа 0_
a Язык текста rus
102 Страна публикации __
a Страна публикации ru
105 Кодированные данные (монография) __
a Кодированные данные (монография) #|||||||000zy
200 Заглавие и сведения об ответственности 1_
a Заглавие Сибирское дело
e Сведения, относящиеся к заглавию [роман]
f Первые сведения об ответственности Сергей Булыга
b Общее обозначение материала Текст
210 Выходные данные __
a Место издания Москва
c Издательство Вече
d Дата издания 2017
215 Физическое описание __
a Объем 351 с.
d Формат 21 см
225 Серия __
a Серия Сибирский приключенческий роман
300 Общие примечания __
a Общие примечания 1200 экз.
330 Аннотация __
a Аннотация В ночь на 6 августа 1585 года на реке Вагай попал в засаду и погиб покоритель Сибири Ермак Тимофеевич. Кто и при каких обстоятельствах предал легендарного атамана? Куда подевались подаренные ему царские подарки - шуба, панцирь и сабля? На эти и ещё многие другие вопросы должен ответить знаменитый сыщик Маркел Косой, отправленный в далёкую и тогда почти совсем неизвестную землю - Сибирь...
333 Примечание о целевом назначении __
a Примечание о целевом назначении 12+. Для детей старше 12 лет
600 Персоналии __
a Персоналии (Фамилия) Ермак Тимофеевич
c Дополнение к имени атаман
f Даты 1532-1585
606 Тематические рубрики __
a Основная рубрика Художественная литература
606 Тематические рубрики __
a Основная рубрика Современная русская литература (произведения)
y Географическая подрубрика Вагай
y Географическая подрубрика Сибирь
610 Ключевые слова __
a Ключевые слова атаманы
a Ключевые слова исторические повести
a Ключевые слова казачество
a Ключевые слова персоналии
a Ключевые слова покорение Сибири
a Ключевые слова тема истории
a Ключевые слова тема расследований
a Ключевые слова тема Сибири
686 Индексы других классификаций __
2 Код системы rubbks
a Классификационный индекс 84(2=411.2)6-4
700 Автор _1
a Фамилия Булыга
b Имя С. А.
g Полное личное имя Сергей Алексеевич
4 Код отношения 070
801 Источник записи _0
a Страна ru
b Организация Муниципальное бюджетное учреждение культуры "Централизованная библиотечная система" г. Сургут (Центральная городская библиотека им. А. С. Пушкина)
c Дата составления 20180125
g Правила каталогизации RCR
801 Источник записи _1
a Страна ru
b Организация Муниципальное бюджетное учреждение культуры "Централизованная библиотечная система" г. Сургут (Центральная городская библиотека им. А. С. Пушкина)
c Дата составления 20180125
g Правила каталогизации RCR
852 Данные о местонахождении __
j Шифр хранения 84(2=411.2)6-4
i Авторский знак Б 90
901 Тип документа __
t Тип документа m
a Ответственный КиК/Трушникова
903 Характеристики (МАРС) __
a Дата передачи 20180125
990 Данные о заказе (DOS) __
j Количество экземпляров (DOS) 3
t N записи в КСУ для И/У (DOS) 201803